000 00977nam a22001697a 4500
003 OSt
005 20241218095627.0
008 241218b |||||||| |||| 00| 0 eng d
041 _aEnglish
082 _aPM/JBIC/1999 Acc No 10,727
110 _aParliament Of Ghana
245 _aReport of the Finance Committee on the Concessional Loan Agreement of Y5,991,000,000 Five Billion NIne Hundred and Ninety One Million Japanese Yen (Approximately US$55,000,000 Between the Japan Banks for International Co-operation (JBIC) and the Government Of Ghana to Finance the Economic Reform Support Operation
260 _aAccra
_bParliament Of Ghana
_c1999
300 _a5p
650 _2the Concessional Loan Agreement of Y5,991,000,000 Five Billion NIne Hundred and Ninety One Million Japanese Yen (Approximately US$55,000,000 Between the Japan Banks for International Co-operation (JBIC) and the Government Of Ghana to Finance the Economic Reform Support Operation
942 _2ddc
_cCR
_n0
999 _c4991
_d4991